[Event "URS-ch46 First League"]
[Site "Ashkhabad"]
[Date "1978.??.??"]
[Round "16"]
[White "Beliavsky, Alexander G"]
[Black "Timoscenko, Gennadij A"]
[Result "1/2-1/2"]
[WhiteElo "2545"]
[BlackElo "2530"]
[Annotator "Bulletin"]
[PlyCount "89"]
[EventDate "1978.10.??"]
[EventType "tourn"]
[EventRounds "17"]
[EventCountry "URS"]
[EventCategory "10"]
[SourceTitle "MCL"]
[Source "ChessBase"]
[SourceDate "1999.07.01"]
[SourceVersion "1"]
[SourceVersionDate "1999.07.01"]
[SourceQuality "1"]

1. d4 Nf6 2. c4 g6 3. Nc3 d5 4. Bf4 Bg7 5. e3 O-O 6. Qb3 dxc4 (6... a5 $5) 7.
Bxc4 c5 8. dxc5 Qa5 9. Nf3 $6 (9. Qb5 $5) 9... Ne4 $1 10. O-O Nxc5 11. Qc2 Nc6
12. Rac1 Bf5 13. Qe2 Rad8 $15 14. e4 Bg4 15. Nd5 Ne6 16. Bd2 Bxf3 17. Qe3 Qc5
18. gxf3 Bxb2 $6 (18... Bd4 19. Qh6 Qd6) 19. Qxc5 Nxc5 20. Rb1 Bd4 21. Bh6 Bg7
22. Be3 b6 23. Bb5 Nd4 24. Bxd4 Bxd4 25. Nxe7+ Kg7 26. Nc6 Rd7 27. Rfd1 Bf6 28.
Rxd7 Nxd7 29. Nxa7 $10 Ra8 30. Bxd7 Rxa7 31. Bc6 Rxa2 32. Bd5 Rb2 33. Rxb2 Bxb2
34. f4 Bc1 35. f5 Kf6 36. fxg6 fxg6 37. Bc6 Ke5 38. Kf1 Kd6 39. Be8 Kc5 40. Ke2
b5 41. Kd3 b4 42. Bf7 Kd6 43. Bg8 h6 44. Bf7 g5 45. f3 1/2-1/2

[Event "POL-ch 68th"]
[Site "Warsaw"]
[Date "2011.02.15"]
[Round "4"]
[White "Socko, Bartosz"]
[Black "Piorun, Kacper"]
[Result "1-0"]
[WhiteElo "2660"]
[BlackElo "2513"]
[Annotator "CB"]
[PlyCount "107"]
[EventDate "2011.02.12"]
[EventType "swiss"]
[EventRounds "9"]
[EventCountry "POL"]
[SourceTitle "CBM 140 Extra"]
[Source "ChessBase"]
[SourceDate "2011.03.01"]
[SourceVersion "1"]
[SourceVersionDate "2011.03.01"]
[SourceQuality "1"]

1. d4 Nf6 2. c4 g6 3. Nc3 d5 4. Bf4 Bg7 5. e3 O-O 6. Rc1 Be6 7. c5 c6 8. Be2
Nbd7 9. h3 Ne4 10. Nf3 Nxc3 11. Rxc3 f6 12. O-O Bf7 13. b4 a6 14. Bg3 e5 15.
Qd2 Re8 16. a4 f5 17. Nxe5 Nxe5 18. Bxe5 Bxe5 19. dxe5 Rxe5 20. Bf3 Qf6 21. Qd4
Kg7 22. Ra1 Re7 23. Kf1 f4 24. Rd1 fxe3 25. fxe3 Rae8 26. Kf2 Re5 27. b5 axb5
28. axb5 Be6 29. bxc6 bxc6 30. Rb3 Bf5 31. Rb7+ R8e7 32. Rxe7+ Rxe7 33. Ra1 Be4
34. Ra6 Qxd4 35. exd4 Bxf3 36. gxf3 {# The rook ending with material so much
reduced and weaknesses on both sides should be drawish. But there is a huge
difference between achieving a drawish position and scoring a draw when the
game is finished.} Re6 $6 ({Better was} 36... Rc7 {when Black should draw
easily. Afterwards, he can aim at the set-up including his pawns on h5 and g5
and the king on g6, f6 or f5. That kind of play should balance the activity of
both kings and reduce Black's liabilities to the weakness on c6. However, the
white pawn on d4 is also a potential weakness and, in many lines, Black can
built his counter play upon it.}) 37. Ra7+ $1 {An unpleasant check. Black is
now obliged to decide upon his king's position.} Kh6 $6 ({Black felt uneasy
about placing his king at the 8th rank, but it seems that after} 37... Kg8 $5 {
he could draw in a more comfortable way than after the text. Indeed, Black
should be careful about potential activity of the white king. If he is allowed
to enter into g5 or e5, Black is in a serious trouble. However, is not Black
able to exclude the danger? He could take into account the following
suggestion: to place the rook on f6 and move the g pawn to g5. That should
secure sufficient Rf6-Rf4-d4 remedy against any advances of the white king. If
White prevents g6-g5 with h3-h4 (excluding the Kg3-Kh4-g5 penetration), Black
can respond with h7-h5 and send his king to d8. Anyway, your humble reporter
cannot see, how to win with White, if these ideas are followed. Let's look at
some exemplary lines:} 38. Kg3 Rf6 39. Rc7 (39. Kg4 h6 40. h4 Rf7 $1 41. Ra8+
Kg7 42. Rc8 h5+ 43. Kg3 Rf6 44. Rc7+ Kf8 {and Kf8-e8-d8}) 39... g5 40. Kg4 h6
41. Kh5 Kf8 42. Rd7 Ke8 43. Rb7 Kd8 44. Ra7 Rxf3 45. Kxh6 Rxh3+ 46. Kxg5 Rd3
$11 {. It seems that Black is OK regardless of what his opponent might come up
with.}) 38. h4 $1 {Remarkable idea that won the game. Bartosz Socko wants to
imprison his opponent's king. Had he failed to make the text move, Black would
have played 38...g5 and Kh6-g6 with an easy draw.} Rf6 $6 ({Much better was} 
38... g5 $1 39. hxg5+ Kxg5 40. Rxh7 {and despite being a pawn down Black
should be able to hold. A similar rook ending, with the same pawn structure,
was drawn in the 20th game of the Tal-Botvinnik rematch 1961. It seems that
some differences between the two positions do not change the assessment.}) 39.
Kg3 Rf5 $2 ({Black misses the last moment to play} 39... g5 $1 {leading to the
kind of position that was mentioned in the previous comment. After the text he
will play without a king, which must be hopeless.}) 40. Rc7 Rf6 {#} 41. Kg4 {
Zugzwang. Black is obliged to let the white king through.} Re6 42. Kf4 Rf6+ 43.
Ke5 Rf5+ (43... Rxf3 {could not save the game as well, e.g.} 44. Rxc6 Kh5 45.
Rb6 Kxh4 46. c6 Rf8 47. c7 Rc8 48. Kd6 {and White is much faster in queening
his pawns. The text move is aimed at capturing the d4 pawn.}) 44. Kd6 Rf4 45.
Rxc6 Rxd4 46. Rb6 Rc4 ({If} 46... Rxh4 {White could go on with} 47. c6 Rc4 48.
c7 Rxc7 {(the threat was 49.Rc6)} 49. Kxc7 Kg5 50. Kd6 Kf4 51. Kxd5 Kxf3 52.
Ke5 h5 53. Rf6+ $1 Kg3 54. Rxg6+ {winning. By the way, the above line shows
how easy it is to spoil that kind of endgame. If White played 53.Wxg6? 
(instead of 53.Wf6+!), Black could draw after 53...h4!}) 47. Kxd5 ({The
alternative was} 47. c6 Kh5 48. c7 Rxc7 49. Kxc7 Kxh4 {and White can follow
the winning method shown in the previous comment:} 50. Kd6 Kg3 51. Kxd5 Kxf3
52. Ke5 h5 53. Rf6+ $1 Kg3 54. Rxg6+) 47... Rc3 48. c6 Rd3+ ({If} 48... Kh5 {
the most practical solution is} 49. Rb4 {, denying Black any counter play, e.g.
} Rd3+ 50. Ke6 Rxf3 51. c7 Rc3 52. Kd6 Rxc7 53. Kxc7 g5 54. hxg5 Kxg5 55. Kd6
h5 56. Ke5 h4 57. Ke4 Kg4 58. Ke3+ Kg3 59. Rb8 h3 60. Rg8+ Kh2 61. Kf2 Kh1 62.
Rb8 Kh2 63. Rh8 Kh1 64. Rxh3#) 49. Kc4 Rxf3 50. c7 Rf4+ 51. Kd5 Rf5+ 52. Kc6
Rf6+ 53. Kb7 Rf7 54. Rb5 $1 (54. Kb8 {should also win, but still it leaves
some room to go astray and draw. The text move cuts the black king along the
5th rank, killing any counter play. Therefore, Black resigned.}) 1-0

[Event "Tashkent FIDE GP"]
[Site "Tashkent"]
[Date "2014.10.27"]
[Round "6"]
[White "Gelfand, Boris"]
[Black "Vachier Lagrave, Maxime"]
[Result "1/2-1/2"]
[WhiteElo "2748"]
[BlackElo "2757"]
[Annotator "CB"]
[PlyCount "74"]
[EventDate "2014.10.21"]
[EventType "tourn"]
[EventRounds "11"]
[EventCountry "UZB"]
[EventCategory "21"]
[SourceTitle "CBM 163"]
[Source "ChessBase"]
[SourceDate "2014.11.11"]
[SourceVersion "1"]
[SourceVersionDate "2014.11.11"]
[SourceQuality "1"]

1. d4 Nf6 2. c4 g6 3. Nc3 d5 4. Bf4 Bg7 5. e3 O-O 6. Rc1 c5 7. dxc5 Qa5 8. cxd5
Rd8 9. Bc4 e6 {A new idea by Vachier-Lagrave. Black puts pressure on the d5
pawn with the e-pawn rather than the bishop.} (9... Be6 {has been playaed
before, but without any particular success.}) 10. Nge2 Nxd5 11. Bd6 Nxc3 12.
Nxc3 {White is still retaining his extra pawn, but his position is clearly
quite loose. MVL has a few moves to try to create counterplay.} b5 13. Bd3 (13.
Qf3 Bd7 $1 14. Bb3 $8 Bc6 15. Qf4 Rxd6 $5 16. cxd6 Bxg2 {is very murky. White
emerges up the exchange but his position is not very good, d6 being more of a
weakness than an asset.}) 13... b4 14. Ne4 (14. Nb5 {is the computer's
suggestion, but it is very unclear and more practical tests (and deep
preparation) will be neded to reveal who is better in this position.}) 14...
b3+ 15. Qd2 Qxd2+ 16. Kxd2 bxa2 {The threat of Bxb2 is looming, so White
doesn't have the time to play it slow; he must take a2 immediately.} 17. Ra1
Bb7 18. Rxa2 Bd5 19. Ra4 Nc6 $6 (19... a5 $1 {It was important to not allow
the b-pawn to b4, as it would reinforce the structure too much.}) 20. b4 Ne5
21. b5 (21. Bxe5 Bxe5 22. Ke2 $16) 21... f5 22. Nc3 (22. Ng5 $1 {This precise
computer-like strike was necessary to keep the advantage.} h6 (22... Bxg2 23.
Rb1 Nxd3 24. Kxd3 {here Black doesn't have time to play Rac8.}) 23. Bxe5 Bxe5
24. Nf3 $16 Bxf3 25. gxf3 Rd5 26. Ke2 Rxc5 27. Ra6) 22... Bxg2 23. Rha1 Nxd3
24. Kxd3 Rac8 {White's position is close to collapsing; luckily for him it
hold, even if its barely.} 25. Rc4 Be4+ 26. Ke2 Rxd6 27. cxd6 Rxc4 28. Nxe4
fxe4 $2 (28... Rc2+ $1 29. Kf1 Rc8 $1 {White loses a piece anyways because of
the double attack on e4 and a1.} 30. Nc3 $1 Bxc3 31. Rc1 Kf7 32. d7 $17 {
Black will take d7 for his troubles and emerge up a pawn, though still a lot
of work away from a win.}) 29. d7 Bf6 30. Rxa7 Rc2+ 31. Kf1 {Now both of
White's passed pawns means that MVL has to return the piece, the resulting
endgame gives him no c h ances to win.} Rd2 32. b6 Kf8 33. Ra8+ Ke7 34. b7 Be5
35. b8=Q Bxb8 36. Rxb8 Rxd7 37. Rb4 Kf6 1/2-1/2

[Event "EU-Cup 15th final"]
[Site "Bugojno"]
[Date "1999.10.30"]
[Round "2"]
[White "Sokolov, Ivan"]
[Black "Avrukh, Boris"]
[Result "0-1"]
[WhiteElo "2656"]
[BlackElo "2588"]
[Annotator "Ftacnik,L"]
[PlyCount "62"]
[EventDate "1999.10.29"]
[EventType "team-k.o."]
[EventRounds "3"]
[EventCountry "BIH"]
[SourceTitle "EXT 2020"]
[Source "ChessBase"]
[SourceDate "2019.10.17"]
[SourceVersion "1"]
[SourceVersionDate "2019.10.17"]
[SourceQuality "1"]
[WhiteTeam "Sarajevo Bosna"]
[BlackTeam "Beer-Sheva Chess Club"]
[WhiteTeamCountry "BIH"]
[BlackTeamCountry "ISR"]

1. d4 Nf6 2. c4 g6 3. Nc3 d5 4. Bf4 Bg7 5. e3 O-O 6. Rc1 c5 7. dxc5 Be6 8. Nf3
Nc6 9. Ng5 Bg4 10. f3 e5 11. Bg3 (11. cxd5 exf4 12. dxc6 Qe7 (12... Bc8 13.
Qxd8 Rxd8 14. Bc4 Rf8 15. cxb7 Bxb7 16. e4 Nd7 17. b4 {1-0 Kubikova,H-Pavlicek,
P/Prague/1995/ (64)}) 13. e4 Rad8 14. Bd3 bxc6 15. fxg4 Nd7 16. Nxf7 Qxf7 17.
Qb3 Qxb3 18. axb3 Nxc5 19. Bc4+ Kh8 20. O-O Bd4+ 21. Kh1 Rb8 {1/2-1/2 Dorfman,
J-Tukmakov,V/Frunze/1981/ (41)}) 11... d4 12. fxg4 dxc3 13. Qxd8 Rfxd8 14. Rxc3
h6 15. Nh3 {At this moment white posseses two pawn for the disturbed structure
and uncoordinated and underdeveloped pieces. Black's chances are promising.} (
15. Nf3 Ne4 16. Rc1 Nxc5 17. Be2 e4 18. Nd4 Nxd4 19. exd4 Bxd4 20. b3 Be3 {
0-1 Botvinnik,M-Gligoric,S/Tel Aviv/1964/ (78)}) 15... Ne4 16. Rb3 Nxc5 17. Rb5
Bf8 18. Be2 (18. g5 a6 19. Rb6 Na4 {-/+}) 18... a6 19. Rb6 Na4 $1 {
Surprisingly enough white rook is trapped on the queenside.} 20. Rb3 (20. Rxb7
Na5 $1 21. Bd1 (21. Rc7 Bd6 {-+}) (21. Rb3 Nxb3 22. axb3 Nxb2 {-/+}) 21... Nxb7
(21... Rxd1+ 22. Kxd1 Nxb7 {-/+}) 22. Bxa4 Bb4+ 23. Kf1 Rac8 24. Bb3 Na5 {-/+})
20... Bb4+ 21. Kf1 (21. Rxb4 Nxb4 22. Bxe5 f6 $1 23. Bc7 Rd7 24. Ba5 Nc6 {-/+})
21... Nc5 22. Rxb4 Nxb4 23. Bxe5 Ne4 24. Bf3 (24. Bd4 Rac8 $1 25. a4 Nd2+ 26.
Kf2 Nxc4 {-/+}) (24. Nf2 Nd2+ 25. Kg1 Nxa2 {-+}) 24... Nd2+ 25. Ke2 Nxc4 {
Black's task becomes technical realisation of a huge advantage.} 26. Bd4 (26.
Bc3 Nxa2 27. Bd4 Rd7 {-+}) 26... Nc2 27. Bc3 (27. Bxb7 Nxd4+ 28. exd4 Ra7 29.
b3 Rxb7 30. bxc4 Rxd4 {-+}) 27... Rd7 28. Nf2 $2 (28. Rc1 N4xe3 (28... N2xe3
29. b3 Re8 30. bxc4 Nxg4+ 31. Kf1 Nxh2+ 32. Kf2 Nxf3 33. gxf3 Rc8 {-/+}) 29.
Be4 Re8 30. Kf3 Nd4+ 31. Kxe3 f5 32. gxf5 gxf5 33. Nf2 Nb5 {-/+}) 28... N2xe3
29. b3 Re8 30. Ne4 (30. bxc4 Nd1+ $1 {-+}) 30... Nd5 31. Rc1 (31. bxc4 Nxc3+ {
-+}) 31... Nd6 (31... Nd6 32. Kd3 Nxe4 33. Bxe4 Nxc3+ {-+}) 0-1

[Event "Olympiad-32"]
[Site "Yerevan"]
[Date "1996.09.23"]
[Round "7.1"]
[White "Lalic, Bogdan"]
[Black "Polgar, Judit"]
[Result "1-0"]
[WhiteElo "2565"]
[BlackElo "2665"]
[Annotator "Glatman,V"]
[PlyCount "105"]
[EventDate "1996.09.15"]
[EventType "team-swiss"]
[EventRounds "14"]
[EventCountry "ARM"]
[SourceTitle "CBM 055"]
[Source "ChessBase"]
[SourceDate "1996.12.01"]
[SourceVersion "1"]
[SourceVersionDate "1996.12.01"]
[SourceQuality "1"]
[WhiteTeam "Croatia"]
[BlackTeam "Hungary"]
[WhiteTeamCountry "CRO"]
[BlackTeamCountry "HUN"]

1. d4 Nf6 2. c4 g6 3. Nc3 d5 4. Bf4 Bg7 5. Rc1 O-O 6. e3 c5 7. dxc5 Qa5 8. cxd5
Rd8 9. Bc4 Qxc5 (9... Be6 10. e4 Nxe4 11. Nge2 Nxf2 $5 (11... Nxc5 12. O-O Bd7
13. Bg5 $14) 12. Qa4 $1 Qxa4 13. Nxa4 Nxh1 14. dxe6 fxe6 $6 (14... Nc6 $142)
15. Kf1 $1 Rf8 16. Kg1 Nf2 17. Be3 $18) 10. Bb3 (10. Qb3 $5 {Pinter/} a6 11. a4
Nbd7 12. e4 Qa5 13. Bd2 Nc5 14. Qc2 $1 $16) 10... Nc6 11. Nf3 Na5 12. O-O Bg4
13. e4 Qb4 14. Bc7 $1 Bxf3 (14... Nxb3 15. Qxb3 Qxb3 16. axb3 Rd7 17. Bg3 Bxf3
18. gxf3 $16) 15. Bxa5 (15. Qxf3 Nxb3 16. axb3 Rd7 17. Bg3 Qxb3 $10) 15... Qxa5
16. Qxf3 $14 Nd7 17. Qe3 Rac8 (17... Nc5 18. Bc4 (18. e5 Nxb3 19. axb3 Qb4 $132
) 18... Qa3) 18. f4 Qc5 19. Qxc5 Nxc5 20. e5 (20. Bc2 Bxc3 21. bxc3 b6 $16)
20... Nxb3 21. axb3 f6 22. Rce1 (22. e6 f5 23. Rfd1 Rc5 $132) 22... Rc5 23. g3
fxe5 24. fxe5 e6 25. b4 $1 $16 Rc4 26. dxe6 Re8 (26... Rxb4 27. e7 Re8 28. Nd5
Rxb2 29. Nf6+ Bxf6 30. exf6 Kf7 31. Rd1 Rc2 32. Rd8 Rc8 33. Rfd1 $18) 27. Rf7
Rc6 (27... Rxb4 28. Nd5 Rxb2 29. Nf6+ Bxf6 30. exf6 Rb6 31. Rg7+ Kh8 32. f7 Rc8
33. Rg8+ Rxg8 34. fxg8=Q+ Kxg8 35. e7 $18) (27... Rxe6 28. Rxb7 Bxe5 (28...
Rxe5 29. Rxg7+ $18) 29. Kg2 a6 30. b5 a5 31. Ra7 $18) 28. Rxb7 Rcxe6 29. Rxa7
Rxe5 30. Rxe5 Bxe5 31. Kg2 Rb8 32. b5 Bxc3 33. bxc3 Rxb5 34. Kf3 Rc5 (34... Rb3
35. Rc7 Rb2 36. h4 Rd2 37. Ke4 Rg2 38. Kf4 Re2 39. Kg5 Rf2 40. g4 $18) 35. Ra3
Rc4 36. Ke3 h5 37. Kd3 Rg4 38. Rb3 Kf7 (38... h4 39. Rb4 $18) 39. Rb4 Rg5 40.
Re4 $18 Rd5+ 41. Kc2 g5 42. c4 Ra5 43. Kb3 Kf6 44. Re2 h4 (44... Ra8 45. c5 $18
) 45. Kb4 Ra1 46. gxh4 Rb1+ 47. Ka5 Ra1+ 48. Kb6 Rb1+ 49. Kc6 gxh4 50. c5 Kg5
51. Rc2 h3 52. Kd5 Kf6 53. Rc3 1-0

[Event "USA-ch"]
[Site "Saint Louis"]
[Date "2015.04.05"]
[Round "5"]
[White "Holt, Conrad"]
[Black "Troff, Kayden W"]
[Result "0-1"]
[WhiteElo "2530"]
[BlackElo "2532"]
[Annotator "Gormally,D"]
[PlyCount "96"]
[EventDate "2015.04.01"]
[EventType "tourn"]
[EventRounds "11"]
[EventCountry "USA"]
[EventCategory "16"]
[SourceTitle "CBM 166"]
[Source "ChessBase"]
[SourceDate "2015.05.11"]
[SourceVersion "1"]
[SourceVersionDate "2015.05.11"]
[SourceQuality "1"]

1. d4 Nf6 2. c4 g6 3. Nc3 d5 4. Bf4 Bg7 5. e3 O-O 6. Rc1 c5 7. dxc5 Qa5 ({
Researching this opening with my rather limited knowledge of the Grünfeld 
(despite it being one of my mainstay openings for years, a testament to my
laziness) my investigations lead me to the conclusion that} 7... Be6 $1 {
was perhaps the cleanest equaliser, even if it lacks the "funkiness" of 7...
Qa5.} 8. Nf3 Nc6 9. Be2 Ne4 10. O-O Bxc3 $1 11. bxc3 dxc4 12. Nd4 Qd7 13. Nxe6
Qxe6 {Miralles,G (2472)-Dominguez Perez,L (2753) Rhodes 2013 And Black was
already better due to his superior pawn structure and the fact that the
bishops don't have much to bite on. 7...Be6 seems to do well for Black
according to top level theory, but 7...Qa5 less so.}) 8. cxd5 $1 (8. Nf3 {
is far more common, but according to the stats the move played in the game is
actually the most effective try for White. In fact it scores very well and as
far as I could see Black has yet to find a completely effective antidote to
this approach.  Holt is already establishing a reputation as a keen
theoretician despite his chess career being in its infancy and I'm sure that
he'd have been aware of all this.}) 8... Rd8 (8... Ne4 {doesn't seem to
completely solve Black's problems either. Much to my surprise I even found a
game of my own where I had been steamrollered in this opening taking the Black
side, from the Dos Hermanas Icc Qualifers. Quite how these irrelevant blitz
games find their way into the database is beyond me.} 9. Nge2 Na6 10. Qa4 $1
Qxa4 11. Nxa4 Bd7 12. c6 bxc6 13. dxc6 Nb4 14. Nd4 {Nikolic,P (2633)-Lautier,J
(2596) Monte Carlo 1999, and White was better.}) 9. Bc4 Be6 (9... Qxc5 10. Bb3
Nc6 11. Nf3 Na5 12. O-O Bg4 13. e4 {Lalic,B (2565)-Polgar,J (2665) Yerevan
1996, also gave an edge for White.}) 10. e4 Nxe4 11. Nge2 Nxf2 {Something of a
desperado sacrifice.} (11... Nxc3 12. Nxc3 Bf5 13. O-O Qxc5 14. Qe2 Nd7 15. Nb5
$1 Nb6 16. Nc7 {Timoscenko,G (2530)-Kropik,M (2116) Oberwart 2003, and yet
again Black faced early problems that he was unable to solve.}) 12. Qa4 $1 (12.
Kxf2 $2 Qxc5+) 12... Qxc5 (12... Qxa4 13. Nxa4 Nxh1 14. dxe6 {is clearly
terrible for Black - the knight on h1 will eventually be rounded up and in
such a position the minor pieces are much more effective than the rooks in any
case.}) 13. dxe6 (13. Rf1 {is possible but hardly necessary. Black can invoke
typical Grünfeld tactical complications with} Bd7 $1 14. Qb3 Ng4 15. Qxb7 $2
Qxc4 16. Qxa8 Nc6 $1 17. Qb7 Nb4 {when White's game is already on the verge of
ruin.}) 13... Nxh1 14. exf7+ Kf8 15. Ne4 $1 {Not only preventing mate, but
also bringing a useful attacking unit closer to the black king.} Qb6 16. Bc7 $2
{Getting too fancy. There was no need for this; White should be winning by
simple means.} (16. Qb3 $1 {is fairly effective; getting ready to exchange
queens and then target the black king.}) (16. Qa3 $1 {however is a real killer.
} Nc6 (16... Bxb2 $2 17. Bh6+ Bg7 18. Qc3 {with a terrible attack.} ({the
prosiac} 18. Bxg7+ Kxg7 19. Qxe7 {is also not bad}) 18... e5 19. Qa3+ $18) 17.
Qh3 $1 (17. Be3 $2 {doesn't seem so effective because of the sharp rejoinder}
Bxb2 $1) 17... h5 {what else?} {the dominating} 18. Qe6 $1 {however should get
it done. White is threatening to run rampage on the kingside with Qxg6, and
the only way Black can prevent this is to exchange queens, when he is just
left with a bad position.} (18. Be3 Qb4+ 19. Kf1 Ne5 {seems not so convincing,
especially as} 20. Qe6 {can now be met by} Nxc4 21. Qxc4 Qxc4 22. Rxc4 Rd1#) ({
the bloodthirsty} 18. g4 {looks quite fun but is hardly necessary!} Nd4 (18...
Ne5 $1) 19. gxh5 (19. Ng5 $4 Nc2+ $1) 19... Nxe2 {with a complete mess.}) 18...
Nd4 19. Qxb6 axb6 20. Ng5 $1 {and Black will incur serious material losses.})
16... Qe3 $1 {Now Black gets some serious counterplay of his own.} 17. Bxd8 Nc6
18. Bxe7+ Nxe7 19. Be6 b5 20. Qc2 Nf2 21. Nc5 Rd8 ({Black already had
available the more forcing} 21... Bd4 $1 {which would have forced White to
find the only move} 22. Kf1 $1 Bxc5 (22... Ng4 {is very tempting but perhaps
not as devastating as it looks at first sight.} 23. Ne4 Nxh2+ 24. Ke1 {when a
strong follow up is somewhat lacking while White retains dangerous threats of
his own.} Bb6 25. Qd2 $1 {and White will slowly unravel}) 23. Qxc5 Qxe6 24.
Kxf2 Qxa2 $1 {with dynamic equality} (24... Qxf7+ $6 25. Kg1 {when the black
pieces are awkward.})) 22. Qb3 Nd3+ 23. Nxd3 Rxd3 24. Qxb5 Qd2+ 25. Kf1 Rd8 26.
Bb3 Qxb2 27. Qa5 Qf6+ 28. Ke1 $6 {Rather a strange practical choice. Why keep
the king in the centre where you have to calculate all these crazy variations?}
({Especially as the simple} 28. Kg1 {would have given White a large advantage
with zero risk;} Qb6+ (28... Nf5 $2 29. Nf4 $1 Qd4+ 30. Kh1 {and the knight is
immune due to d8 also hanging}) 29. Qxb6 axb6 30. Nf4 $16) 28... Rb8 29. Qxa7
Qd6 30. g3 Be5 31. Qc5 Qf6 32. Rd1 Rc8 33. Qb4 Kg7 34. Rd7 Kf8 35. Qd2 Nf5 36.
Nf4 Bxf4 37. Qxf4 Qb6 {If White can consolidate his advantage then he will
surely be winning with such a pawn on f7 but with an airy king this is not an
easy task. For the time being though Holt is up to the challenge.} 38. Qf2 $1
Qa5+ (38... Rc1+ 39. Ke2 $1 (39. Rd1 Rxd1+ $1 (39... Qb4+ 40. Qd2 Qe4+ 41. Kf2
$18) 40. Bxd1 Qb4+ 41. Kf1 Qc4+ 42. Kg2 Qc3 {and it's close to a draw as the
knight is so active}) 39... Qb5+ 40. Kd2 {is a neat little sidestep where
White retains his advantage, although all these variations look quite scary
over the board.}) (38... Qb4+ {is also tricky, but as long as White doesn't do
anything stupid then he's completely winning.} 39. Qd2 Rc1+ 40. Kf2 Qc5+ 41.
Kg2 Ne3+ (41... Qg1+ 42. Kh3 Qf1+ 43. Qg2 $18 (43. Kg4 $4 {however is too bold:
} Ne3+ $1)) 42. Qxe3 $1) 39. Qd2 Qb6 40. Kf1 Qb5+ 41. Kg1 Qb6+ 42. Kg2 Ne3+ 43.
Kh3 $4 {A tragedy for Holt.} ({Especially as his hard work would have been
rewarded if he had found} 43. Kf3 $1 Nf5 44. g4 Nh4+ (44... Qc6+ 45. Kf4) 45.
Kg3 g5 46. Qd6+ {with a prosaic win in the ending.} ({but not} 46. Qxg5 $2 Rc3+
47. Kxh4 Qf2+)) 43... g5 $1 {The awful reality must have dawned on Holt at
this point that a game he had been winning for so long had turned around
completely.} 44. Rd6 g4+ 45. Kh4 Nf5+ 46. Kg5 Qxd6 47. Qb2 Nd4 48. Kxg4 Rc5 0-1